000
00424nam a2200145Ia 4500
008
100122s9999 xx 000 0 und d
082
_b
32232
_a
822
100
_a
दत्ता केशव
245
_a
धंदेवाईक
260
_b
मेहता पब्लिकेशन हाऊस
_c
1978
300
_a
58
630
_a
धंदेवाईक
730
_a
धंदेवाईक
942
_c
BOOK
999
_c
416661
_d
416658